[Event "Enniscrone Sligo op-B"]
[Site "Enniscrone"]
[Date "2025.02.02"]
[Round "4"]
[White "Bermingham, Adam D"]
[Black "McNamara, John J"]
[Result "1/2-1/2"]
[WhiteElo "1666"]
[BlackElo "1742"]
[PlyCount "109"]
[EventDate "2025.01.31"]
[EventType "swiss"]
[EventRounds "5"]
[EventCountry "IRL"]
[SourceTitle "CB06_2025"]
[SourceDate "2025.02.05"]
[SourceVersion "1"]
[SourceVersionDate "2025.02.05"]
[SourceQuality "1"]

1. d4 Nf6 2. c4 e6 3. g3 d5 4. Nf3 Be7 5. Bg2 0-0 6. 0-0 c6 7. Qc2 b6 8. Nc3 Bb7 9. Rd1 Nbd7 10. e4 dxe4 11. Nxe4 Nxe4 12. Qxe4 Nf6 13. Qe2 Rc8 14. Ne5 Qc7 15. b3 Bd6 16. Nd3 Qe7 17. Be3 Nd7 18. Rac1 e5 19. dxe5 Nxe5 20. Nxe5 Qxe5 21. Qc2 Ba3 22. Rb1 Rcd8 23. Rd3 Be7 24. Rbd1 Qf5 25. Qe2 Rxd3 26. Rxd3 Bf6 27. Qd1 Qc8 28. Bd4 Bxd4 29. Rxd4 Re8 30. Rd7 Re1+ 31. Qxe1 Qxd7 32. h4 f6 33. Bh3 Qd8 34. Qe3 Kf8 35. Kh2 c5 36. Bg2 Bxg2 37. Kxg2 Qe7 38. Qd3 g6 39. Qd2 Kg7 40. Qd5 f5 41. Qd2 Qe4+ 42. Kh2 Qd4 43. Qe2 Kf6 44. Kg1 Qa1+ 45. Kg2 Qd4 46. Kg1 h5 47. Qe8 Qa1+ 48. Kg2 Qxa2 49. Qh8+ Kf7 50. Qh7+ Kf6 51. Qh8+ Ke6 52. Qe8+ Kd6 53. Qxg6+ Ke5 54. Qxh5 Qxb3 55. Qe2+ 1/2-1/2

[Event "Enniscrone Sligo op-B"]
[Site "Enniscrone"]
[Date "2025.02.01"]
[Round "3"]
[White "Fitzsimons, Pat"]
[Black "Bermingham, Adam D"]
[Result "1/2-1/2"]
[WhiteElo "1791"]
[BlackElo "1666"]
[PlyCount "77"]
[EventDate "2025.01.31"]
[EventType "swiss"]
[EventRounds "5"]
[EventCountry "IRL"]
[SourceTitle "CB06_2025"]
[SourceDate "2025.02.05"]
[SourceVersion "1"]
[SourceVersionDate "2025.02.05"]
[SourceQuality "1"]

1. d4 d5 2. c4 c6 3. cxd5 cxd5 4. Nc3 Nf6 5. Nf3 a6 6. Bf4 Nc6 7. e3 Bg4 8. Be2 e6 9. a3 Be7 10. 0-0 0-0 11. Qb3 Bxf3 12. Bxf3 Na5 13. Qc2 Rc8 14. Qd3 Nd7 15. e4 dxe4 16. Nxe4 Qb6 17. b4 Nc6 18. Nc5 Rfd8 19. Qe3 Nf6 20. Nxe6 Nd5 21. Bxd5 Rxd5 22. Rac1 Bf6 23. Rfe1 Re8 24. Qh3 fxe6 25. Rxe6 Qd8 26. Rce1 Rxe6 27. Qxe6+ Kf8 28. Kf1 Rxd4 29. Be3 Rd1 30. Bc5+ Ne7 31. Bxe7+ Bxe7 32. Qe4 Rxe1+ 33. Kxe1 Qc7 34. Qxh7 Qc3+ 35. Ke2 Qe5+ 36. Kf1 Bf6 37. g3 Qa1+ 38. Kg2 Qd4 39. Qf5 1/2-1/2

[Event "Enniscrone Sligo-ch"]
[Site "Enniscrone"]
[Date "2024.02.04"]
[Round "4"]
[White "Bermingham, Adam D"]
[Black "Arun, Nitish"]
[Result "1-0"]
[WhiteElo "1676"]
[BlackElo "1556"]
[PlyCount "137"]
[EventDate "2024.02.02"]
[EventType "swiss"]
[EventRounds "5"]
[EventCountry "IRL"]
[SourceTitle "CBM 218 Extra"]
[Source "ChessBase"]
[SourceDate "2024.03.31"]
[SourceVersion "1"]
[SourceVersionDate "2024.03.31"]
[SourceQuality "1"]

1. d4 Nf6 2. Bg5 Ne4 3. h4 Nxg5 4. hxg5 g6 5. Nc3 d5 6. e3 Bg7 7. Nf3 c6 8. Bd3 Nd7 9. Qd2 b5 10. Ne2 e5 11. dxe5 Qe7 12. Ned4 Bb7 13. 0-0 Nc5 14. Rfe1 Ne4 15. Qe2 0-0 16. e6 fxe6 17. Bxe4 dxe4 18. Nd2 a6 19. Qg4 Rae8 20. Nxe4 c5 21. Nb3 Rf5 22. Rad1 Bxb2 23. f3 Bxe4 24. Qxe4 Qxg5 25. Qc6 Re7 26. Nd2 Qh4 27. Ne4 Rh5 28. c3 b4 29. cxb4 cxb4 30. Qxa6 Qh2+ 31. Kf2 Rf5 32. Qc8+ Rf8 33. Qc5 Ref7 34. Nd2 Be5 35. Rg1 Bc3 36. Rh1 Qb8 37. Ne4 Qb7 38. Qc4 Qe7 39. Rd6 e5 40. Nf6+ Kh8 41. Ne4 Rf5 42. Rxg6 Qf7 43. Qxf7 R8xf7 44. Nd6 R7f6 45. Rgh6 Rxh6 46. Rxh6 Rf8 47. Ne4 Kg7 48. Rc6 Bb2 49. Nc5 Ra8 50. Ra6 Rxa6 51. Nxa6 Bc3 52. e4 Kf6 53. Nc7 Bd4+ 54. Kg3 Kf7 55. Kg4 Kg6 56. Nd5 Bc3 57. a3 h5+ 58. Kh3 bxa3 59. Nxc3 Kf6 60. Kh4 Ke6 61. Kxh5 Kd6 62. g4 Kc5 63. g5 Kc4 64. Na2 Kb3 65. g6 Kxa2 66. g7 Kb1 67. g8Q a2 68. Qxa2+ Kxa2 69. Kg5 1-0

[Event "Enniscrone Sligo-ch"]
[Site "Enniscrone"]
[Date "2024.02.04"]
[Round "5"]
[White "Verlekar, Vivaan"]
[Black "Bermingham, Adam D"]
[Result "1/2-1/2"]
[WhiteElo "1520"]
[BlackElo "1676"]
[PlyCount "65"]
[EventDate "2024.02.02"]
[EventType "swiss"]
[EventRounds "5"]
[EventCountry "IRL"]
[SourceTitle "CBM 218 Extra"]
[Source "ChessBase"]
[SourceDate "2024.03.31"]
[SourceVersion "1"]
[SourceVersionDate "2024.03.31"]
[SourceQuality "1"]

1. e4 d5 2. exd5 Qxd5 3. Nc3 Qd8 4. d4 Nf6 5. Nf3 Bg4 6. Be2 e6 7. a3 Be7 8. Be3 c6 9. 0-0 0-0 10. Ne5 Bxe2 11. Qxe2 Nbd7 12. Nxd7 Qxd7 13. Rfd1 Rfe8 14. Qf3 Nd5 15. Ne2 Nxe3 16. Qxe3 Qd5 17. Nc3 Qf5 18. Qe4 Qxe4 19. Nxe4 Rad8 20. Rd3 Rd7 21. Rad1 Red8 22. Kf1 g6 23. Nc5 Bxc5 24. dxc5 Rxd3 25. Rxd3 Rxd3 26. cxd3 Kg7 27. Ke2 Kf6 28. d4 e5 29. Ke3 Ke6 30. dxe5 Kxe5 31. b4 Kd5 32. Kd3 f5 33. f4 1/2-1/2